Music Trivia: 1979 Albums and Artists - Statistics

General Stats
  • This quiz has been taken 162 times
    140 since last reset
  • The average score is 9 of 15
Answer Stats
Albums from 1979 Artists who made those albums % Correct
The Wall Pink Floyd
95%
Breakfast in America Supertramp
83%
Tusk Fleetwood Mac
81%
Off the Wall Michael Jackson
74%
Get the Knack The Knack
72%
Quadrophenia The Who
71%
The Long Run The Eagles
62%
Voulez-Vous Abba
61%
Dream Police Cheap Trick
54%
Damn the Torpedoes Tom Petty
51%
Rust Never Sleeps Neil Young
44%
Candy-O The Cars
44%
Armed Forces Elvis Costello
28%
Journey Through the Secret Life of Plants Stevie Wonder
26%
Slow Train Coming Bob Dylan
23%
No matching quizzes found
Score Distribution
Percent of People with Each Score
Percentile by Number Answered
Your Score History
You have not taken this quiz since the last reset